Microsoft Windows NT server one step at a time /

Guardado en:
Autor Principal: Brandt, Brian L.
Otros Autores: Nash, Mike.
Formato: Libro
Idioma:English
Publicado: Redmond, WA : Microsoft Press, c1996.
Materias:
Etiquetas: Agregar Etiqueta
Sin Etiquetas, Sea el primero en etiquetar este registro!
LEADER 00748cam a2200241 a 4500
001 DCC.dcic000255
008 951122s1996####waua##########001#0#eng##
005 20151125104000.0
245 1 0 |a Microsoft Windows NT server one step at a time /  |c Brian L. Brandt and Mike Nash. 
260 |a Redmond, WA :  |b Microsoft Press,  |c c1996. 
300 |a xxii, 325 p. :  |b il. ;  |c 23 cm. 
500 |a Includes index. 
020 |a 1572312467 
100 1 |a Brandt, Brian L. 
700 1 |a Nash, Mike. 
246 3 |a One step at a time 
082 0 0 |a 005.7/1369  |2 20 
630 0 0 |a Microsoft Windows NT. 
650 0 |a Operating systems (Computers) 
010 |a  95047930  
040 |a DLC  |c DLC  |d DLC 
050 0 0 |a QA76.76.O63  |b M5244 1996 
859 |a DCIC  |b BIB. COMPUTACION  |p 1230